| 000 | 00469 a2200181 4500 | ||
|---|---|---|---|
| 005 | 20260106102731.0 | ||
| 008 | 251006b |||||||| |||| 00| 0 eng d | ||
| 020 | _a9780857426918 | ||
| 080 |
_aF _bBOS/G |
||
| 100 | _aBossong, Nora | ||
| 245 | _aGramsci's fall | ||
| 260 |
_bSeagull books _aGermany _c2020 |
||
| 300 | _a275p. | ||
| 653 | _aFiction - Novel - German Literature | ||
| 653 | _aEnglish Translation | ||
| 700 | _aAlexander Booth; Tr.by. | ||
| 942 | _cBK | ||
| 999 |
_c114791 _d114790 |
||